[Event "Moscow Aeroflot op-A"]
[Site "Moscow"]
[Date "2006.02.09"]
[Round "2"]
[White "Bologan, Viktor"]
[Black "Tomashevsky, Evgeny"]
[Result "1-0"]
[WhiteElo "2661"]
[BlackElo "2586"]
[Annotator "Lukacs,P"]
[PlyCount "85"]
[EventDate "2006.02.08"]
[EventType "swiss"]
[EventRounds "9"]
[EventCountry "RUS"]
[SourceTitle "CBM 112"]
[Source "ChessBase"]
[SourceDate "2006.06.07"]
[SourceVersion "1"]
[SourceVersionDate "2006.06.07"]
[SourceQuality "1"]

1. e4 e5 2. Nf3 Nc6 3. Bc4 Nf6 4. d3 h6 {/\ d6, g6 fianchettoing the B, but it
takes precious time.} 5. O-O d6 6. c3 g6 7. d4 Qe7 (7... Bg7 $2 8. dxe5 $18) 8.
Re1 (8. dxe5 Nxe5 9. Nxe5 dxe5 (9... Qxe5 $5 {brings the Q early into action,
but if Black can finish his development he can put pressure on e4 and use the
long /^.} 10. Nd2 (10. Qb3 Qe7 11. Be3 Bg7 12. Nd2 O-O 13. Rae1 c6 14. a4 Nxe4
15. Nxe4 Qxe4 16. Bxh6 Qf5 17. Bxg7 Kxg7 18. Re3 d5 19. Bd3 Qf6 $11 {
Rubery-Godena, Elista ol (Men) 1998}) 10... Bg7 (10... Be6 $2 11. Qa4+ $1 $16 {
Short-Fridman, FIDE-Wch k.o. 1999 CBM 72}) 11. Nf3 Qc5 12. Qd4 (12. Bd3 {
1/2:1/2 Gipslis-Razuvaev, Jurmala 1987}) 12... Qxd4 13. cxd4 Nxe4 14. Re1 f5
15. Nd2 Kd8 16. Nxe4 fxe4 17. Rxe4 c6 18. d5 Bf5 19. Re1 Re8 $11 {Eingorn-E.
Vladimirov, Riga 1980}) 10. Be3 $5 (10. Qe2 Bg7 (10... Bd7 $5 {is not so
useful here.} 11. a4 Bg7 12. b3 {/\ Ba3} Nh5 13. g3 O-O-O {Now the situation
has been changed and White will advance on the << with opposite castled kings.}
14. b4 Be6 15. Na3 Bxc4 16. Nxc4 Qd7 17. Be3 Qd3 18. Qxd3 Rxd3 19. Rfc1 {
Black's light pieces are very badly placed, and the pressure on the d <-> can
easily be neutralized.} Kb8 20. Kf1 $14 {Diaz-Davies, Vrnjacka Banja 1988}) 11.
a4 $5 {- Movsesian-Akopian, FIDE-Wch k.o. CBM 72} (11. b3 O-O 12. Ba3 c5 13.
Bc1 {The best square for the B is on e3, but this manoeuvre takes time.} (13.
b4 $6 {ruins mostly his own P structure.} Bd7 (13... Be6 $5 14. bxc5 Bxc4 15.
Qxc4 Rfd8 16. f3 Qc7 17. Qb5 Bf8 $44 {M.Petrov-Yemelin, Bratislava 1993}) 14.
Nd2 Rfd8 15. bxc5 Bc6 16. Rfd1 Qc7 17. f3 Bf8 18. Nf1 Qa5 19. Bb4 Bxc5+ $15 {
Rabiega-R.Mainka, Bremen 1998}) 13... Nh5 {/\ Nf4} 14. g3 Bh3 15. Re1 Kh7 {
/\ f5 in some cases.} 16. Na3 Rad8 17. Bd3 Qe8 18. Be3 b6 19. Rad1 f5 $132 {
Vallejo Poins-Lima, Leon 1996}) (11. f3 O-O 12. Be3 Nh5 13. Nd2 (13. Na3 $5) (
13. g3 $5) 13... Nf4 14. Qf2 Rd8 15. Nb3 b6 {The N on b3 has no perspectives.}
16. Rad1 Bb7 $13 {J.Nun-Malaniuk, Pardubice})) (10. Re1 Bg7 11. b3 O-O 12. Ba3
c5 13. Nd2 (13. b4 $2 {is again an anti-strategical move.} Rd8 14. Qc2 cxb4 15.
cxb4 Be6 16. Bxe6 Qxe6 17. Nc3 Rac8 $17 {Lutikov-Beliavsky, SU 1981})) (10. Qc2
Bg7 11. b3 O-O (11... Be6 12. Ba3 Qd7 13. Rd1 Qc6 14. Bxe6 Qxe6 15. c4 Bf8 {
The exchange of the dark-squared B helps for Black.} 16. Bb2 Bg7 17. Nc3 O-O
18. Rd2 Rfd8 $11 {B.Ivanovic-Godena, Erevan 1996}) 12. Ba3 c5 {It is far from
easy to exploit the weakness of d5.} 13. Nd2 a6 (13... Nh5 $5) 14. Be2 b5 15.
Bb2 Bb7 16. a4 Bc6 17. Rfe1 Rfd8 18. Bf3 Nh7 19. g3 Ng5 $13 {B.
Ivanovic-Popovic, Vrsac 1987}) 10... Nxe4 $5 {Black takes up the gauntlet.} (
10... Bg7 $13) 11. Qa4+ (11. Bxf7+ $5 Qxf7 (11... Kxf7 12. Qd5+ Kg7 13. Qxe4
$14) 12. Qa4+ c6 (12... Bd7 {- 11.Qa4}) 13. Qxe4 Bg7 14. Bc5 Bf5 {Black's ^^
is of great importance.} 15. Qa4 Qd5 16. b4 Bd3 17. Re1 e4 $13) 11... Bd7 (
11... c6 12. Bd5 (12. Bxf7+ Qxf7 {- 11.Bxf7}) 12... Nd6 13. Bxc6+ Bd7 14. Bxd7+
Qxd7 15. Qxd7+ Kxd7 16. Rd1 Kc6 {This _|_ cannot be worse for Black at all.}
17. Na3 f5 18. f3 Be7 19. Re1 Bf6 $11) 12. Bxf7+ Qxf7 (12... Kxf7 13. Qxe4 Bc6
14. Qc4+ Qe6 15. Nd2 Bg7 $13 {and it is not so easy to blockade >< e4.}) 13.
Qxe4 O-O-O $1 {Development first!} 14. Qxe5 Bd6 $44 15. Qd4 Bc6 {Black is not
bothering himself with pawns. His ^^ in an open position is a real power.} (
15... Bb5 16. Qg4+ Bd7 17. Qe2) 16. Qg4+ (16. Qxa7 {is met by the aggressive}
Qd5 17. f3 Rhe8 18. Bd4 (18. Bf2 Qe5 19. g3 Qe2 {with penetration on the
second rank.}) 18... Re2 {Now the R penetrates on e2, White has problems with
his development.} 19. Na3 Rxb2 $13) 16... Kb8 17. Nd2 h5 18. Qc4 Qf5 {Black
has to avoid the exchange of queens in an attacking position like that.} 19.
Rfe1 g5 20. Nf1 h4 21. h3 g4 $1 $40 {otherwise White can consolidate his
position, Ovetchkin-Skatchkov, Krasnodar 2002 CBM 091.} (21... Rdg8 22. f3 $16)
) 8... Bg7 9. Nbd2 (9. dxe5 Nxe5 10. Nxe5 Qxe5 {- Karasev-Yemelin, St.
Petersburg-ch 2001 CBM 83}) (9. d5 {- Illescas-Efimov, Escaldes zt 1998 CBM 68}
) (9. h3 Nh5 $5 (9... O-O 10. Nbd2 {- 9.Nbd2}) 10. Na3 {/\ Nc2-e3-d5} O-O 11.
Nc2 Bd7 12. Ne3 Rae8 13. Nd5 Qd8 14. dxe5 {If White has to exchange his
important central P, he cannot stand better.} Nxe5 15. Nxe5 Rxe5 16. Nf4 Nxf4
17. Bxf4 Re7 18. Bd5 Qc8 $11 {Yakovich-Mikhalchishin, Kujbyshev 1986}) (9. b4
$5) 9... O-O 10. h3 {against Bg4} Bd7 (10... a6 11. Nf1 b5 12. Bb3 {Now it
really reminds me the Ruy Lopez.} (12. Bd3 Bb7) 12... Na5 13. Bc2 c5 14. b3 (
14. d5 Nc4) 14... cxd4 15. cxd4 Nc6 16. Bb2 Bb7 17. Ng3 $5 {keeping the
tension in the [+] deserved serious attention.} (17. d5 Nb8 18. a4 bxa4 19.
Rxa4 Nbd7 20. N3d2 $5 {/\ Ne3 attacking with all forces the <<.} (20. N1d2 Nb6
21. Ra5 {The R is vulnerable here.} Qc7 22. b4 Nh5 {Now Black's counterplay on
the >> is effective.} 23. g3 Qd7 24. Kh2 Bc8 25. Ng1 Qe8 $15 {Bologan-Onischuk,
GER-chT 1996}))) (10... Kh8 11. Nf1 {- Sadvakasov-Bacrot, Lausanne YM Pool A
1999 CBM 71}) (10... Nd8 {This looks a bit passive.} 11. Nf1 c6 12. Ng3 {
The position resembles to the Ruy Lopez.} Nh7 13. Be3 Qf6 14. d5 {killing the
N on d5, and gaining space.} c5 {Now it is not easy for White to decide where
to play.} 15. b4 $1 $14 {is the clear-cut plan advancing on the <<.} (15. Nh2
Qh4 16. Nf3 Qf6 17. a4 (17. b4 $14) 17... h5 $5 18. Qd2 Qe7 19. b4 $14 (19. h4
$6 {is the wrong flank to begin an action.} Bg4 20. Ng5 f6 21. Nxh7 Kxh7 22. b4
{It's a bit late already, White has worsened the situation on the >>.} cxb4 23.
cxb4 Nf7 {/\ Bh6 to exchange the bad B, as in the King's Indian.} 24. Rac1 Bh6
$11 {Bologan-Balashov, Azov 1991})) (15. a4)) (10... Nh7 {/\ Ng5 putting
pressure on >< d4.} 11. Nf1 Ng5 12. Nxg5 {This seems to be the best reaction.}
(12. N1h2 {allows Black the favourable simplification.} Nxf3+ 13. Nxf3 Kh7 {
/\ f5 in case.} (13... Na5 14. Bd3 c5 15. Be3 Bd7 $142 (15... Kh7 $6 {forgets
about the <<.} 16. Qa4 $1 b6 17. b4 Bd7 18. Qa3 cxd4 19. cxd4 Nc6 20. d5 $14 {
and the N cannot find his right place, Dolmatov-Beliavsky, SU-FL Tashkent 1980.
})) 14. a4 (14. dxe5 Nxe5 15. Nxe5 Qxe5 {solves the tension in the [+], and
Black can easily equalize.} 16. Qd5 Be6 17. Qxe5 Bxe5 18. Bd5 c6 19. Bxe6 fxe6
20. Be3 c5 21. h4 Rad8 $11 {Gavrilakis-Rubinetti, Luzern ol (Men) 1982}) 14...
f5 $13 {Ghinda-Beliavsky, Lvov 1981}) (12. Bxg5 $5 {- Tiviakov-Sermek, TCN Cup
3rd 1997 CBM 61}) 12... hxg5 13. d5 Nd8 14. Bd3 f5 15. g4 f4 16. c4 c5 {
Now the position is heavily blockaded, but White still has some chances on the
<<.} 17. Bd2 b6 18. a3 Rf7 19. Bc2 Bf8 20. Nh2 Rh7 21. Kg2 Qc7 22. Ba4 Be7 23.
b4 Kg7 24. Qe2 Bb7 25. Nf3 Nf7 $11 {Dolmatov-G.Timoshenko, SU-ch Frunze 1981})
(10... Qd8 {/\ 11...exd4 12.cxd4 d5! creating an isolated P on d4 and
blockading it by the N.} 11. Bb3 {avoiding the aforementioned operation.} (11.
d5 $6 Ne7 12. Nf1 Nh5 $132 {with good counterchances on the >> as in the
King's Indian.}) 11... Re8 12. a3 a5 $1 {Black wants to gain space on the <<.}
13. Bc2 Bd7 14. Nf1 a4 $1 15. Ng3 (15. Bxa4 $2 Nxd4 $1) 15... b5 16. Be3 Na5 {
blockading the entire <<.} 17. Nd2 Nh7 18. f4 exf4 19. Bxf4 c5 $1 $13 {
Gavrikov-Eingorn, SU 1981}) 11. Nf1 Rae8 12. Ng3 Qd8 (12... Kh8 {Black is
making useful preparatory moves, but White's space advantage is still
important. The forthcoming manoeuvres lack the clear-cut plans.} 13. b4 {
is the other idea to gain space on the <<.} (13. a4 Qd8 14. a5 exd4 (14... Qc8
15. Qb3 $16 {with a space advantage on both flanks, Drabke-Godena, Saint
Vincent 2001.}) 15. cxd4 d5 16. exd5 Rxe1+ 17. Qxe1 Ne7 18. Qb4 $14 {Fedorov-K.
Georgiev, Jahorina 2003}) (13. Bd2 Nh7 14. dxe5 Nxe5 15. Nxe5 dxe5 16. Qb3 b6
17. a4 $14 {and White's bishops are more active, Nunn-Spassky, London 1982.})
13... a6 14. Rb1 (14. a3 $5) 14... Qd8 15. Qb3 Kg8 16. a4 Bc8 17. Bd2 Nh7 {
weakening the pressure on e4.} 18. Be3 $14 {Poluliakhov-Malaniuk, Novgorod 1999
}) (12... Kh7 13. a3 {/\ b4 advancing on the <<.} Ng8 {If Black cannot improve
his position, he has to worsen it?!} 14. b4 a6 15. Be3 Bc8 16. Qd2 Qf6 17. Be2
Rd8 18. Rad1 Rfe8 19. Qa2 $14 {Bologan-Bronstein, Oslo 1994}) (12... a6 13. Bb3
(13. a3 $5 $14) 13... Kh8 14. Bc2 Qd8 15. Be3 Ng8 16. Qd2 Qc8 17. Rad1 $14 {
and Black cannot attack White's [+], Bologan-Malaniuk, Calimanesti 1992.}) (
12... Nh7 13. dxe5 Nxe5 14. Nxe5 dxe5 15. a4 Be6 16. Qb3 b6 17. a5 Qc5 18. Bxe6
Rxe6 19. Be3 $16 {Kosten,A-Orr,M/Edinburgh 1985}) 13. Bb3 {avoiding Black's
counterplay in the [+].} (13. a4 {is met by} exd4 (13... Kh7 {is too passive.}
14. a5 Qc8 15. Qb3 Re7 16. Kh2 b6 17. axb6 axb6 {(Forster-Godena, Switzerland
1999)} 18. Bd3 $14) 14. cxd4 d5 15. exd5 Rxe1+ 16. Qxe1 Ne7 17. Qa5 Nfxd5 18.
Bxd5 b6 19. Bxf7+ (19. Qxa7 Nxd5) 19... Rxf7 20. Qc3 Be6 $44) (13. a3 {also
allows the freeing move} exd4 14. cxd4 d5 15. exd5 Rxe1+ 16. Qxe1 Ne7 17. Qa5
Nfxd5 18. Bxd5 b6 19. Qxa7 Nxd5 20. Qa6 {+/=/=}) 13... a6 $6 {This is too
passive.} (13... Nh7 $6 14. dxe5 Nxe5 15. Nxe5 Rxe5 16. Be3 $16) (13... Kh7 {
/\ Ng8,f5}) 14. Bc2 {White wants to keep the tension in the [+].} (14. dxe5
Nxe5 15. Nxe5 dxe5 (15... Rxe5 16. Bf4 Ree8 17. Qd2 $14) 16. Be3 $14) 14... Nh7
15. Be3 h5 $2 {weakens the >>, especially >< g5.} (15... Kh8 16. Qd2 $16) (
15... Ng5 $142 $5) 16. Qd2 Qf6 17. Kh2 {against Bxh3.} Bc8 {Black cannot find
an active counterplay.} 18. Rad1 (18. a3 $5 {/\ b4 advancing on the <<.}) 18...
Kh8 19. Ne2 {overprotecting >< d4.} Qe7 20. Ng5 Nxg5 21. Bxg5 f6 {provoking a
new weakness.} (21... Bf6 22. Bxf6+ Qxf6 23. f4 $16 {and soon Black has to
give up his stronghold on e5.}) 22. Be3 f5 {otherwise f4 will come.} 23. Bg5
Bf6 (23... Qf7 24. Bb3 $16) 24. Bxf6+ Rxf6 25. f4 $1 {The white pieces are
more active, he has to open up the position.} Qg7 (25... exf4 $2 26. exf5 $18)
26. fxe5 dxe5 27. exf5 Bxf5 28. Bxf5 Rxf5 (28... gxf5 29. dxe5 Rxe5 30. Nf4 $16
{and the >> pawns are rather vulnerable.}) 29. Ng3 Rff8 30. d5 Nd8 (30... Ne7
31. Ne4 $16 {with an excellent blockading N in the [+].}) 31. Ne4 Rf4 (31...
Nf7 32. Qe3 Nd6 33. Nc5 $16 {>< e6}) 32. Qe3 Ref8 33. Nc5 $1 {White has a big
advantage on the <<.} e4 $6 (33... R4f5 {was more persistant.}) 34. Nxe4 $18 {
White is a healthy P up.} Qe5 35. g3 R4f7 (35... Rf3 36. Qh6+ Kg8 37. d6 $18)
36. Kg2 Kg7 37. Qd2 c6 38. c4 cxd5 39. cxd5 h4 40. gxh4 Qh5 41. Qc3+ Kg8 42.
Qg3 Rf4 43. Rd2 1-0

[Event "St Petersburg-ch"]
[Site "St Petersburg"]
[Date "2001.04.18"]
[Round "8"]
[White "Karasev, Vladimir I"]
[Black "Yemelin, Vasily"]
[Result "1-0"]
[WhiteElo "2420"]
[BlackElo "2522"]
[Annotator "Lukacs,P"]
[PlyCount "83"]
[EventDate "2001.04.10"]
[EventType "tourn"]
[EventRounds "11"]
[EventCountry "RUS"]
[EventCategory "9"]
[SourceTitle "CBM 083"]
[Source "ChessBase"]
[SourceDate "2001.07.05"]
[SourceVersion "1"]
[SourceVersionDate "2001.07.05"]
[SourceQuality "1"]

1. e4 {Hecht} e5 2. Nf3 Nc6 3. Bc4 Nf6 4. d3 h6 {Black wants to fianchetto his
B by g6 and Bg7, but first he has to defend himself against Ng5.} 5. O-O d6 6.
c3 g6 7. d4 Qe7 8. Re1 (8. dxe5 Nxe5 (8... dxe5) 9. Nxe5 Qxe5 {- Short-Fridman,
FIDE-Wch k.o. Las Vegas 1999 CBM 72} (9... dxe5 {- Movsesian-Akopian, FIDE-Wch
k.o. g/25/10 Las Vegas 1999 CBM})) 8... Bg7 9. dxe5 (9. d5 {- Ilescas-Efimov,
Escaldes zt 1998 CBM 68}) (9. Nbd2 {wants to keep the tension in the [+].} O-O
10. h3 {against Bg4} a6 (10... Kh8 11. Nf1 {- Sadvakasov-Bacrot, Lausanne YM
Pool A 1999 CBM 71}) (10... Nd8 {This looks a bit passive.} 11. Nf1 c6 12. Ng3
{The position resembles to the Ruy Lopez.} Nh7 13. Be3 Qf6 14. d5 {killing the
N on d5, and gaining space.} c5 {Now it is not easy for White to decide where
to play.} 15. b4 $1 $14 {is the clear-cut plan advancing on the <<.} (15. Nh2
Qh4 16. Nf3 Qf6 17. a4 (17. b4 $14) 17... h5 $5 18. Qd2 Qe7 19. b4 $14 (19. h4
$6 {is the wrong flank to begin an action.} Bg4 20. Ng5 f6 21. Nxh7 Kxh7 22. b4
{It's a bit late already, White has worsened the situation on the >>.} cxb4 23.
cxb4 Nf7 {/\ Bh6 to exchange the bad B, as in the King's Indian.} 24. Rac1 Bh6
$11 {Bologan-Balashov, Azov 1991})) (15. a4 {- 15.Nh2})) (10... Nh7 {/\ Ng5
putting pressure on >< d4.} 11. Nf1 Ng5 12. Bxg5 $5 {- Tiviakov-Sermek, TCN
Cup 3rd 1997 CBM 61} (12. N1h2 {allows Black the favourable simplification.}
Nxf3+ 13. Nxf3 Kh7 {/\ f5 in case.} (13... Na5 14. Bd3 c5 15. Be3 Bd7 $142 (
15... Kh7 $6 {forgets about the <<.} 16. Qa4 $1 b6 17. b4 Bd7 18. Qa3 cxd4 19.
cxd4 Nc6 20. d5 $14 {and the N cannot find his right place, Dolmatov-Beliavsky,
SU-FL Tashkent 1980.})) 14. a4 (14. dxe5 Nxe5 15. Nxe5 Qxe5 {solves the
tension in the [+], and Black can easily equalize.} 16. Qd5 Be6 17. Qxe5 Bxe5
18. Bd5 c6 19. Bxe6 fxe6 20. Be3 c5 21. h4 Rad8 $11 {Gavrilakis-Rubinetti,
Luzern ol (Men) 1982}) 14... f5 $13 {Ghinda-Beliavsky, Lvov 1981}) (12. Nxg5 {
This seems to be the best reaction.} hxg5 13. d5 Nd8 14. Bd3 f5 15. g4 f4 16.
c4 c5 {Now the position is heavily blockaded, but White still has some chances
on the <<.} 17. Bd2 b6 18. a3 Rf7 19. Bc2 Bf8 20. Nh2 Rh7 21. Kg2 Qc7 22. Ba4
Be7 23. b4 Kg7 24. Qe2 Bb7 25. Nf3 Nf7 $11 {Dolmatov-G.Timoshenko, SU-ch
Frunze 1981})) (10... Qd8 {/\ 11...exd4 12.cxd4 d5! creating an isolated P on
d4 and blockading it by the N.} 11. Bb3 {avoiding the aforementioned operation.
} (11. d5 $6 Ne7 12. Nf1 Nh5 $132 {with good counterchances on the >> as in
the King's Indian.}) 11... Re8 12. a3 a5 $1 {Black wants to gain space on the
<<.} 13. Bc2 Bd7 14. Nf1 a4 $1 15. Ng3 (15. Bxa4 $2 Nxd4 $1) 15... b5 16. Be3
Na5 {blockading the entire <<.} 17. Nd2 Nh7 18. f4 exf4 19. Bxf4 c5 $1 $13 {
Gavrikov-Eingorn, SU 1981}) (10... Bd7 11. Nf1 Rae8 12. Ng3 Kh8 {Black is
making useful preparatory moves, but White's space advantage is still
important. The forthcoming manoeuvres lack the clear-cut plans.} 13. b4 a6 14.
Rb1 Qd8 15. Qb3 Kg8 16. a4 Bc8 17. Bd2 Nh7 18. Be3 h5 19. Qc2 Kh8 20. b5 axb5
21. axb5 Na5 22. Bd3 b6 $11 {Poluliakhov-Malaniuk, Novgorod 1999}) 11. Nf1 b5
12. Bb3 {Now it really reminds me the Ruy Lopez.} (12. Bd3 Bb7) 12... Na5 13.
Bc2 c5 14. b3 (14. d5 Nc4) 14... cxd4 15. cxd4 Nc6 16. Bb2 Bb7 17. d5 (17. Ng3
$5 {keeping the tension in the [+] deserved serious attention.}) 17... Nb8 18.
a4 bxa4 19. Rxa4 Nbd7 20. N1d2 (20. N3d2 $5 {/\ Ne3 attacking with all forces
the <<.}) 20... Nb6 21. Ra5 {The R is vulnerable here.} Qc7 22. b4 Nh5 {
Now Black's counterplay on the >> is effective.} 23. g3 Qd7 24. Kh2 Bc8 25. Ng1
Qe8 $15 {Bologan-Onischuk, GER-chT 1996}) (9. h3 Nh5 $5 (9... O-O 10. Nbd2 {
- 9.Nbd2}) 10. Na3 {/\ Nc2-e3-d5} O-O 11. Nc2 Bd7 12. Ne3 Rae8 13. Nd5 Qd8 14.
dxe5 {If White has to exchange his important central P, he cannot stand better.
} Nxe5 15. Nxe5 Rxe5 16. Nf4 Nxf4 17. Bxf4 Re7 18. Bd5 Qc8 $11 {
Yakovich-Mikhalchishin, Kujbyshev 1986}) (9. b4 $5) 9... Nxe5 10. Nxe5 Qxe5 {
This P structure offers Black more counterchances.} (10... dxe5 {may lead to a
slight advantage for White.} 11. b3 O-O 12. Ba3 c5 {>< d5 has to be occupied
by the N.} 13. Nd2 (13. Qe2 a6 14. Qe3 b6 15. Nd2 Bb7 16. Rad1 Rfd8 17. Bd3 Qc7
18. Nb1 Bf8 19. Qf3 Nh7 $11 {Werner-Godena, FRA-chT 1997}) 13... Rd8 14. Qc2 b6
15. Nf1 Bb7 16. f3 {/\ Ne3} Bc6 17. Ne3 $14 {Minasian-Alvarez, Oviedo rapid
1993}) 11. f4 (11. Nd2 O-O 12. Nf3 (12. h3 {This is very slow.} Bd7 13. Bd3
Rfe8 14. Nc4 Qe6 15. Bd2 Bc6 16. f3 d5 17. exd5 Qxd5 $15 {Sibilio-Godena,
ITA-ch48 Chianciano 1988}) 12... Qc5 13. Bb3 (13. e5 Ng4) 13... Re8 14. Be3 Qh5
$13 {with pressure on the e4 P, Bellini-Ciampi, Bratto op 1995.}) 11... Qc5+ $5
(11... Qe7 {was also sufficient, for example:} 12. Nd2 (12. e5 $5 dxe5 13. Rxe5
(13. fxe5 $2 Ng4 $17) 13... Be6 14. Bxe6 fxe6 15. Qe2 (15. Qb3 O-O-O 16. Rxe6
Rd1+ 17. Qxd1 Qxe6 $44) 15... O-O-O 16. Rxe6 {White has won the weak P, but
lost his lead of development.} Qd7 17. Re7 (17. Nd2 Rhe8 $44) 17... Qd1+ 18.
Qe1 Rhe8 $44) 12... O-O 13. Nf3 (13. e5 dxe5 14. Rxe5 Qd6) 13... Be6 $11) 12.
Qd4 Nd7 13. Qxc5 Nxc5 {This _|_ cannot pose any problem for Black.} 14. Be3 Na4
$5 (14... Nxe4 {was good and simple.} 15. Bf2 (15. Bd4 Bxd4+ 16. cxd4 f5 17.
Nc3 Kf8 18. Nxe4 fxe4 19. Rxe4 Bf5 20. Re3 Re8 21. Rae1 Rxe3 22. Rxe3 Rh7 $11)
15... f5 16. Nd2 Kf8 17. Nxe4 fxe4 18. Rxe4 Bf5 19. Re3 Bf6 20. Rae1 Rh7 21. h3
Re7 22. g4 Rxe3 23. Rxe3 Bd7 $11) 15. Bb5+ Bd7 16. Bxa4 (16. Bxd7+ Kxd7 17. Re2
Rhe8 $15) 16... Bxa4 17. Bd4 {White has to liquidate Black's ^^.} (17. Nd2 O-O
$11) 17... O-O 18. Bxg7 Kxg7 19. c4 {White has some advantage in the [+], but
Black can easily put pressure on >< e4.} (19. Nd2 Rfe8 $11) 19... Rfe8 20. Nc3
Bc6 $11 21. b4 Rac8 {This is the passive defence.} (21... g5 $5 {aiming for
some active counterplay was interesting.} 22. b5 (22. g3 gxf4 23. gxf4 f5 $1
24. exf5 Kf6) 22... Bd7 23. Nd5 Rac8 24. f5 (24. g3 c6) 24... f6 25. Rad1 Re5
$11) 22. a4 Bd7 (22... g5 $5) 23. Rad1 Be6 24. c5 dxc5 25. bxc5 Red8 26. Nb5
Rxd1 27. Rxd1 {Hecht: '[#] Springereinsatz - Taktik!'} Bb3 (27... a6 28. Nd4
Bd7 29. a5 Re8 30. e5 f6 31. Re1 Kf7 {was also not that bad.}) (27... a6 $11 {
Hecht}) 28. Rd4 a5 (28... a6 29. Nc3 Be6 30. Kf2 b6 31. c6 $14 {with some
space advantage and an active R on the d <->.}) (28... a6 $142 {Hecht}) 29. Kf2
Kf8 30. Ke3 b6 31. c6 Be6 32. g4 $6 {'!?' Hecht. White pushes it too hard.} (
32. Na7 Re8 33. Nb5 Rc8 $11 {was a draw by repetition of moves.}) 32... Bxg4 $1
{Black takes up the gauntlet.} (32... f5 33. exf5 gxf5 34. g5 Kg7 35. h4 $14)
33. f5 gxf5 34. Kf4 $1 Be2 (34... Bh3 $5 {was also possible, for example:} 35.
exf5 Bg2 36. f6 Kg8 (36... Bxc6 $4 37. Na7 $18) (36... Re8 $2 37. Nxc7 $18) 37.
Rd2 Bf1 (37... Bh3 38. Na7 Re8 39. Rd3 Be6 40. Nb5 Rc8 $11) 38. Nc3 (38. Rd1
Bxb5 39. axb5 a4) (38. Nd4 Rd8) 38... Kh7) 35. Nc3 Bf1 36. exf5 Bg2 37. Nb5 {
This is the critical position.} Ke7 $2 {This is the decisive mistake. Hecht:
'Geht im Springerwirbel unter.'} (37... Re8 $1 {activating the passive R was
required.} 38. Nxc7 (38. f6 Bxc6 39. Nxc7 Rc8) (38. Rc4 Re7) 38... Rc8 39. Nb5
Rxc6 $15) (37... Re8 $1 {Hecht zum Vorteil für Schwarz.}) (37... Bxc6 $2 {Hecht
} 38. Na7 $18) 38. Rd7+ Kf6 39. Nxc7 {White has won the most important P.} Kg7
{'??' Hecht.} (39... Bxc6 {was the last chance to go for a R _|_, which can be
problematic in a practical game.} 40. Rd6+ Ke7 41. Rxc6 Kd7 42. Rxb6 Rxc7 43.
Rxh6 Rc4+ 44. Ke5 Rxa4 45. Kf6 (45. Rh7 {Hecht} Ke7 46. f6+ Ke8 47. Rh8+ Kd7
48. Rf8 Rh4 49. Rxf7+ Ke8 50. Re7+ Kf8 $11) 45... Rf4 46. Rh7) 40. Ne6+ Kf6 (
40... Kg8 {Hecht} 41. c7 Bb7 42. Nd8 Ba6 43. Nc6 $18) 41. Nd8 Bxc6 $4 (41...
Kg7 {Hecht} 42. Rxf7+ Kg8 43. c7 Bd5 44. Rd7 Bb3 45. Ne6 $18) 42. Rxf7# 1-0